| 000 | 00682nam a2200181 i 4500 | ||
|---|---|---|---|
| 001 | 151036 | ||
| 003 | ES-MaACL | ||
| 005 | 20230906203817.0 | ||
| 007 | t| | ||
| 008 | 071203q1885 ne d |||| | dut d | ||
| 245 | 0 | 0 | _aNouveau dictionnaire de poche français-néerlandais et néerlandais-français. |
| 260 |
_a[Gouda : _bVan Goor, _cca.1885] |
||
| 300 |
_a774 p. ; _c14 cm. |
||
| 500 | _aDatos tomados del ejemplar sin portada, deducidos del catálogo editorial que acompaña a la obra. | ||
| 650 | 4 |
_aLengua francesa- _vDiccionarios- _xHolandés. _914214 |
|
| 650 | 4 |
_aLengua holandesa- _vDiccionarios- _xFrancés. _914263 |
|
| 852 |
_aES-MaACL _jG-1372 _q- Ejemplar falto de port. |
||
| 999 |
_c151036 _d151036 |
||